00258nam a22000977a 4500082001600000100002100016245005200037260004200089300002100131563000800152 a954.91bCHO aChoudhary, G. W. aLast Days of United Pakistan /cG. W. Choudhary aLondon : bC. Hurst & Company,c1974. a239 p. ;c22 cm. aHB.